02513nkc a2200373za 450000100060000000300040000600500170001000700070002700800410003404000240007510000410009924500430014026000240018330001000020750001720030750001930047950000650067250001340073750001690087150400520104050500430109251001510113551002100128656101310149661000490162765100260167665500400170270000600174285200120180285601500181494200250196495201330198999900170212284505OSt20260320101811.0kh boc250410s19101911sp ||||| ||||||0| i|spa d aM-RABAbspacM-RABA1 aElorza, Lorenzod(1861-1931)911106810aLandab: Ermita de San Miguelc/ L. E. c[ca. 1910 – 1911] a1 fotografíab: gelatina de platac; imagen 16,5 x 12 cmc; soporte secundario 26,5 x 21,5 cm aVista de la desaparecida ermita de San Miguel de Axpe en Landa, ya en estado ruinoso, donde destaca la ventana del lado sur compuesta por un doble arco de medio punto. aFotografía montada sobre soporte secundario de cartulina azul enmarcada con orla en relieve. Título y numeración manuscrita que hace referencia a la posición en la serie “100”. aSello con monograma del fotógrafo en tinta roja “L.E.” aFechas tomadas de la ejecución del positivo de las fotografías, incluido el soporte secundario. (Soto Madrazo, Javier. 2008). aForma parte de un conjunto de 167 fotografías empleadas por Federico Baráibar Zumárraga para la elaboración del Inventario del Románico en Álava (1911). aBaraibar, F.: "Rincones artísticos", M. 1914. aLanda.- Ermita de San Miguel. / L. E.  aDescripción tomada de: Soto Madrazo, Javier (2008). Federico Baraibar y el Inventario del Románico en Álava: una caja con 167 fotografías. aEsta colección fue utilizada posteriormente por Cristóbal de Castro para la elaboración y publicación del "Catálogo Monumental de España: provincia de Álava", Madrid, S. de Rivadeneira, 1915. aDonadas junto con la memoria manuscrita a la Academia por el mismo Baraibar (Sesión 12 de febrero de 1912, Archivo: 4-32-1).20aErmita de San Miguel de Axpe (Landa)9111630 7aÁlava2embne975661 0aFotografías de monumentos91115801 aBaráibar y Zumárraga, Federico d(1851-1918)912926 aFot-209 3Fot-209uhttps://archivoybiblioteca.realacademiabellasartessanfernando.com/cgi-bin/koha/opac-retrieve-file.pl?id=5d4b90ae4f12b92a16e68c402cc91e2b 2ddccFOTOGRAFÍAn0 00102ddc40708FOTOGRAFIAaRABASFbRABASFcDP2d2025-04-21l0oFot-209p1095383r2025-04-21 11:47:41w2025-04-21yFOTOGRAFÍA c84505d84505